000 00588nam a2200217Ia 4500
005 20230606142426.0
008 131103s9999 xx 000 0 und d
040 _aLoreto College
041 _aEnglish
082 _a940
_bSCH
100 _aSchevill, Ferdinand
245 2 _aA history of Europe
_cFerdinand Schevill
250 _aNew and rev. ed.
260 _aUnited States of America
_bHarcourt, Brace
_c1951
300 _axii,963p.
_b ill.,maps
504 _aIncludes index
650 _aEurope - Modern History
651 _aModern History
850 _aLCLIB
942 _cBK
999 _c22864
_d73343